Vista normal
Vista MARC
Entrada Término temático
Número de registros utilizados en: 1
001 - NÚMERO DE CONTROL
- campo de control: 82222
003 - IDENTIFICADOR DEL NÚMERO DE CONTROL
- campo de control: DO-SdBNP
005 - FECHA Y HORA DE LA ÚLTIMA TRANSACCIÓN
- campo de control: 20220823110148.0
008 - DATOS DE LONGITUD FIJA
- campo de control de longitud fija: 220823|| aca||aabn | a|a d
040 ## - FUENTE DE LA CATALOGACIÓN
- Centro catalogador/agencia de origen: DO-SdBNP
- Centro/agencia transcriptor: DO-SdBNP
150 ## - ENCABEZAMIENTO--TÉRMINO DE MATERIA
- Término de materia o nombre geográfico como elemento de entrada: Música popular latinoamericana
- Subdivisión general: Historia
- Subdivisión de forma: Congresos, conferencias, etc
670 ## - FUENTE DE DATOS ENCONTRADOS
- Cita de la fuente: Work cat.: (DO-SdBNP)52301: Congreso IASPM-AL (14: 2020 : Medellín, Colombia) 82221, Le cayó la gota fría : formación, trabajo y economías de la música popular en América Latina; actas del XIV Congreso IASPM-AL = formación, trabalho e economias da música popular na América Latina ; anais do XIV Congresso da IASPM-AL, 2022
